000
00274nam a22001337a 4500
003
SGT
082
_a
KAM,516
100
_a
KAMRA, NARESH
245
_a
SOLID GEOMETRY
260
_a
MEERUT
_b
PRAGATI PRAKASHAN
_c
2016
300
_a
332
650
_a
GEOMETRY
942
_2
ddc
_c
FPS
999
_c
10059
_d
10059